000 00518nam a2200193 a 4500
001 1766046744162
003 YourLibrary
005 20251222113205.0
008 251218s2008##################000#0#eng##
020 _a9780199238903
082 0 4 _a234
_bCOL
100 1 _aO'Collins, Gerald,
_eauthor.
245 1 0 _aSalvation for All :
260 _bOxford University Press, USA,
_c2008.
300 _a292 pages
650 0 _aLanguage Arts & Disciplines.
942 _cENGLISH
040 _aYourLibrary
_beng
_cYourLibrary
999 _c603955
_d603955